000 00357nam a2200157Ia 4500
003 OSt
005 20231123075052.0
008 170524s9999 xx 000 0 und d
020 _a81-7488-688-5
040 _cIIMT
100 _aYadav-Seema
245 0 _aTextbook of Textile and Laundry
260 _bAnmol publication
260 _c1997
942 _2ddc
_c02
999 _c7357
_d7357